000 00508nam a22002171c 4500
001 a987669359
008 120405s2010 gw |||| 000u rus d
041 _arus
245 0 0 _aAltaj agrarnyj :
_brazvitie i perspektivy
264 _aBarnaul,
_c2010
300 _a203 S.
650 0 _aLandwirtschaft
650 0 _aTransformation
650 0 _a
651 0 _aAltaj
651 0 _aSibirien
700 1 _aŠčetinin, M. P.
_eHerausgeberIn
942 _cMG
040 _cRU-10907106
003 RU-10907106
999 _c14244
_d14244